Theatro critico universal, ó discursos varios en todo genero de materias, para desengaño de errores comunes (Record no. 8395)

MARC details
000 -CABECERA
campo de control de longitud fija 01043nam a2200241 a 4500
001 - NÚMERO DE CONTROL
campo de control BRCA_8743
005 - FECHA Y HORA DE LA ÚLTIMA TRANSACCIÓN
campo de control 20190320210404.0
008 - DATOS DE LONGITUD FIJA--INFORMACIÓN GENERAL
campo de control de longitud fija 240217s1753----sp-#######---#000-0#spa-#
041 ## - CÓDIGO DE LENGUA
Código de lengua del texto/banda sonora o título independiente spa
044 ## - CÓDIGO DEL PAÍS DE LA ENTIDAD EDITORA/PRODUCTORA
Código MARC del país sp
084 ## - OTRO NÚMERO DE CLASIFICACIÓN
Número de clasificación BE101
-- .F45 1753
100 1# - ENTRADA PRINCIPAL--NOMBRE DE PERSONA
Nombre de persona Feijóo, Benito Geronymo
Fechas asociadas al nombre 1676 - 1764
9 (RLIN) 21772
245 10 - MENCIÓN DE TÍTULO
Título Theatro critico universal, ó discursos varios en todo genero de materias, para desengaño de errores comunes
Mención de responsabilidad, etc. escrito por el M.R. Padre Maestro Fr. Benito Geronymo Feijoó...
260 ## - PUBLICACIÓN, DISTRIBUCIÓN, ETC.
Lugar de publicación, distribución, etc. Madrid
Nombre del editor, distribuidor, etc. En la Oficina de Antonio Pérez de Soto
Fecha de publicación, distribución, etc. 1753
300 ## - DESCRIPCIÓN FÍSICA
Extensión [46], 420 p. (t.6), 4ta imp.
Dimensiones 20.5 x 15 cm.
500 ## - NOTA GENERAL
Nota general Con privilegio
500 ## - NOTA GENERAL
Nota general En portada: Dedicado al eminentissimo, y reverendissimo señor Cardenal de Molina, &c.
500 ## - NOTA GENERAL
Nota general Estado físico: presenta encuadernación en pergamino y desprendida; con algunas hojas manchadas, carece de cintas y presencia del pez de plata
650 14 - PUNTO DE ACCESO ADICIONAL DE MATERIA--TÉRMINO DE MATERIA
Término de materia o nombre geográfico como elemento de entrada Español drama
9 (RLIN) 21773
700 1# - PUNTO DE ACCESO ADICIONAL--NOMBRE DE PERSONA
Nombre de persona Perez de Soto, Antonio
Término indicativo de función/relación Impresor
9 (RLIN) 21774
902 ## - CATALOGADOR
Iniciales CFM
942 ## - ELEMENTOS DE PUNTO DE ACCESO ADICIONAL (KOHA)
Fuente del sistema de clasificación o colocación Library of Congress Classification
Tipo de ítem Koha Libros
Holdings
Estado de retiro Estado de pérdida Estado dañado No para préstamo Localización permanente Ubicación/localización actual Fecha de adquisición Total de préstamos Signatura topográfica completa Código de barras Fecha visto por última vez Precio válido a partir de Tipo de ítem Koha
El ejemplar forma parte de la colección y puede ser consultado según las políticas vigentes.       Biblioteca del Museo Franz Mayer (Rogerio Casas-Alatriste) Biblioteca del Museo Franz Mayer (Rogerio Casas-Alatriste) 24/02/2017   BE101 .F45 1753 CFM00078 22/03/2019 22/03/2019 Libros